000 00666nam a2200217Ia 4500
003 OSt
005 20230429124051.0
008 210423s2019 xx 000 0 und d
020 _a978-93-532-8461-9
040 _cAL
041 _aeng
082 _a155.284
_223
_bDUBI
100 _aDUBEY (Bankey Lal);BANERJEE (Padmakali);DUBEY (Anand)
_995388
245 _aInkblot personality test: understanding the unconscious mind
260 _aLos Angeles
_bSage Publications
_c2019
300 _axxii,479
_bHB
365 _b1795
_cINR
650 _aPsychology
_995389
906 _aInkblot ; mind ; personality ; test: ; unconscious ; understanding
942 _2ddc
_cBK
999 _c170500
_d170500